Statistics for Slavic Countries

Click here to take the quiz!

General Stats

  • This quiz has been taken 23,746 times
    (23,711 since last reset)
  • The average score is 12 of 13

Answer Stats

Country% Correct
Slovakia
94%
Serbia
93%
Slovenia
93%
Croatia
92%
Ukraine
92%
Russia
91%
Bosnia and Herzegovina
90%
Czech Republic
90%
Belarus
88%
Bulgaria
86%
Poland
86%
North Macedonia
85%
Montenegro
84%

Score Distribution

Percentile by Number Answered

Percent of People with Each Score

Your Score History

You have not taken this quiz since the last reset